[Event "Fajr op 14th"]
[Site "Tehran"]
[Date "2006.01.25"]
[Round "2"]
[White "Mahmoodi, Nader"]
[Black "Bistric, Faruk"]
[Result "0-1"]
[WhiteElo "2143"]
[BlackElo "2434"]
[PlyCount "156"]
[EventDate "2006.01.24"]
[EventType "swiss"]
[EventRounds "9"]
[EventCountry "IRI"]
[SourceTitle "CBM 110 Extra"]
[Source "ChessBase"]
[SourceDate "2006.03.10"]
[SourceVersion "2"]
[SourceVersionDate "2006.03.10"]
[SourceQuality "1"]

1. d4 Nf6 2. c4 e6 3. Nc3 Bb4 4. a3 Bxc3+ 5. bxc3 d6 6. Nf3 Nbd7 7. Bg5 b6 8. e3 Bb7 9. Bd3 h6 10. Bxf6 Nxf6 11. 0-0 0-0 12. Re1 Re8 13. e4 e5 14. d5 Nh5 15. g3 Bc8 16. Nh4 Nf4 17. gxf4 Qxh4 18. f5 g6 19. Qf3 Bd7 20. Kh1 Qf6 21. Rg1 Kf8 22. Rg3 Ke7 23. Rag1 g5 24. Qh5 Rh8 25. Rh3 c6 26. Qe2 Rac8 27. Qb2 Rc7 28. Be2 Rhc8 29. Rb1 Qg7 30. Rd1 cxd5 31. cxd5 Rc5 32. Bh5 Qf6 33. Be2 Kd8 34. Rg1 Qg7 35. Rgg3 Kc7 36. Ba6 Rh8 37. Be2 Qf8 38. Rg1 Kb8 39. c4 Ka8 40. Qb4 f6 41. Ra1 Qc8 42. a4 Qa6 43. Raa3 Be8 44. Rhb3 Qa5 45. Qc3 h5 46. Rb4 Rh7 47. Rab3 h4 48. h3 Rhc7 49. Kg2 Qa6 50. Ra3 Ra5 51. Qc2 Qc8 52. Rc3 Qd8 53. Qb3 Rc8 54. Rc2 Qc7 55. Rb2 Qc5 56. Qc2 Rc7 57. Bd1 Qd4 58. Be2 Rxa4 59. Rxa4 Bxa4 60. Qb1 Rc5 61. Rb4 Be8 62. Qd3 Qxd3 63. Bxd3 Kb7 64. Kf3 Ra5 65. Rb3 Ra2 66. Bb1 Rd2 67. Ke3 Rd1 68. Bc2 Rh1 69. Kd2 Rh2 70. Rf3 Bh5 71. Re3 Rxf2+ 72. Kc3 Rf3 73. Kd3 Ka6 74. Ke2 Rxe3+ 75. Kxe3 Ka5 76. Bd3 Kb4 77. Kd2 Bf3 78. Ke3 Bg2 0-1